Plameň progresu udržia len zapálení Čo prezrádzajú skúsenosti zaslúžilého vynálezcu prof. Zábavníka

Bibliographic Details
Main Author: Šupšák, Jozef (Author)
Format: Article
Language:Slovak
PhysicalDescription:Obr. 1.
Subjects:

MARC

LEADER 00000nab a2200000 a 4500
001 vtls000175568
003 SK-MaSNL
005 20260302201700.0
008 160215c1984 xo 0 slo
015 |a SNBRB19rr/mm-uuuuu 
035 |a CL0185681 
040 |a SNKBUCL  |b slo  |c SNKBUCL  |e AACR2 
041 0 |a slo 
044 |a xo  |c SK 
080 |a 378.12  |2 1981 
080 |a 669.1  |2 1981 
080 |a 929 Zábavník, Viktor  |2 1981 
100 1 |a Šupšák, Jozef  |4 aut  |9 265564 
245 1 0 |a Plameň progresu udržia len zapálení  |b Čo prezrádzajú skúsenosti zaslúžilého vynálezcu prof. Zábavníka  |c Jozef Šupšák 
300 |b Obr. 1. 
600 1 7 |a Zábavník, Viktor,  |d 1933-  |2 snkbucl  |9 198099 
655 7 |a články z novín a časopisov  |2 snkbucl  |9 267496 
773 0 |t Pravda  |g Roč. 65, č. 44 (21. 2. 1984), s. 3 
850 |a Slovenská národná knižnica v Martine  |a MTA001 
852 |a SNK  |b KIS3GCP 
958 |a BX 
958 |a RK 
992 |a RBX 
999 |c 1461821  |d 1463751